000 01059nam a22003377a 4500
001 0072416
003 KOHA_MİRAKIL
005 20260207005054.0
007 ta
008 241205b2015 tu |||gr||||#0|||1|tur |
020 _a9758535412
040 _aTR-BiSEU
_btur
_cTR-BiSEU
_erda
041 0 _atur
044 _ctu
050 _aPL180.5
_b.G87 2015
100 1 _aGürçağlar, Şehnaz Tahir.
245 1 _aKapılar: çeviri tarihine yaklaşımlar/
_cŞehnaz Tahir Gürçağlar ; Şehnaz Tahir Gürçağlar.
250 _a2. Baskı
264 1 _aİstanbul :
_bScala Yayıncılık
_c2015
300 _a236 sayfa; 19 cm.
336 _ametin
_btxt
_2rdacontent
337 _aaracısız
_bn
_2rdamedia
338 _acilt
_bnc
_2rdacarrier
500 _aKaynakça ve dizin var.
650 0 _aÇeviri--Türkiye--Tarih.
_9144323
650 0 _aEğitim ve devlet--Türkiye--Tarih.
_987671
650 0 _aTranslation--Türkiye--History.
_9144324
650 0 _aEducation and state--Turkey--History.
_972751
907 _aÇeviri
942 _2lcc
_cBK
999 _c73170
_d73170